[Event "Berlin op 05"]
[Site "Berlin"]
[Date "2006.05.25"]
[Round "3"]
[White "Peil, Dominik"]
[Black "Le, Duc Son"]
[Result "0-1"]
[WhiteElo "1108"]
[BlackElo "1378"]
[PlyCount "108"]
[EventDate "2006.05.24"]
[EventType "swiss"]
[EventRounds "7"]
[EventCountry "GER"]
[SourceTitle "EXT 2007"]
[Source "ChessBase"]
[SourceDate "2006.11.23"]
[SourceVersion "1"]
[SourceVersionDate "2006.11.23"]
[SourceQuality "1"]

1. e4 c5 2. c3 Nc6 3. d4 cxd4 4. cxd4 g6 5. Nf3 Bg7 6. Nc3 e6 7. Bf4 Nge7 8. Bd3 0-0 9. 0-0 d5 10. e5 Qb6 11. Bb5 Bd7 12. Rb1 Nxe5 13. Bxe5 Bxb5 14. Nxb5 Qxb5 15. Bxg7 Kxg7 16. Qd2 Nf5 17. Ne5 Rfd8 18. Rfc1 Qb6 19. Rc2 Nxd4 20. Rc3 Nf5 21. Rbc1 Qd6 22. Qe2 Nd4 23. Qe3 Nb5 24. Rc5 a6 25. a4 f6 26. Nxg6 hxg6 27. axb5 axb5 28. Rxb5 Qe7 29. Rb6 Ra6 30. h3 d4 31. Qb3 Rxb6 32. Qxb6 Rd6 33. Qc7 Rd7 34. Qb6 d3 35. Rd1 Rd6 36. Qb5 Qd7 37. Qxd7+ Rxd7 38. f3 e5 39. Kf2 f5 40. Ke3 d2 41. Rxd2 Rxd2 42. Kxd2 Kf6 43. g3 Ke6 44. Ke3 Kd5 45. f4 e4 46. g4 Ke6 47. gxf5+ gxf5 48. h4 Kf6 49. h5 Kg7 50. b4 Kh6 51. b5 Kxh5 52. b6 Kg4 53. Kd4 Kxf4 54. Kc5 e3 0-1

[Event "Berlin op 05"]
[Site "Berlin"]
[Date "2006.05.24"]
[Round "1"]
[White "Koenig, Frank"]
[Black "Le, Duc Son"]
[Result "1-0"]
[WhiteElo "1907"]
[BlackElo "1378"]
[PlyCount "65"]
[EventDate "2006.05.24"]
[EventType "swiss"]
[EventRounds "7"]
[EventCountry "GER"]
[SourceTitle "EXT 2007"]
[Source "ChessBase"]
[SourceDate "2006.11.23"]
[SourceVersion "1"]
[SourceVersionDate "2006.11.23"]
[SourceQuality "1"]

1. Nf3 c5 2. g3 Nc6 3. Bg2 g6 4. c3 Bg7 5. d4 cxd4 6. cxd4 Nf6 7. 0-0 0-0 8. Nc3 d6 9. h3 Bd7 10. e4 Rc8 11. Be3 e5 12. Qd2 exd4 13. Nxd4 Nxd4 14. Bxd4 Bc6 15. Rad1 Re8 16. Rfe1 Qc7 17. Rc1 Qa5 18. Qf4 Qd8 19. Rcd1 a6 20. Bxf6 Qxf6 21. Qxf6 Bxf6 22. Rxd6 Be5 23. Rd2 Bxc3 24. bxc3 Bb5 25. e5 Re7 26. Re3 Rec7 27. Bd5 Rd8 28. Bxf7+ Kxf7 29. Rxd8 Rc4 30. Rd4 Rc8 31. a4 Bc6 32. a5 Kg7 33. Red3 1-0

[Event "GER-ch U10"]
[Site "Winterberg"]
[Date "2002.05.25"]
[Round "11"]
[White "Zwick, Felix"]
[Black "Le, Duc Son"]
[Result "1-0"]
[WhiteElo "1015"]
[BlackElo "1063"]
[PlyCount "49"]
[EventDate "2002.05.19"]
[EventType "swiss"]
[EventRounds "11"]
[EventCountry "GER"]
[SourceTitle "CBM 088 Extra"]
[Source "ChessBase"]
[SourceDate "2002.07.01"]
[SourceVersion "2"]
[SourceVersionDate "2002.07.01"]
[SourceQuality "1"]

1. e4 e5 2. Nf3 Nc6 3. Bc4 Nf6 4. d3 Bc5 5. Nc3 h6 6. Be3 Bb6 7. Qe2 d6 8. Bxb6 axb6 9. 0-0 Bg4 10. Nd5 Nxd5 11. Bxd5 Nd4 12. Qd1 Nxf3+ 13. gxf3 Bh3 14. Kh1 Bxf1 15. Qxf1 c6 16. Bb3 Qg5 17. a3 0-0 18. c3 Rad8 19. d4 exd4 20. cxd4 d5 21. exd5 cxd5 22. a4 Qf4 23. Qd3 Rc8 24. Bc2 Rc4 25. Qh7# 1-0

[Event "GER-ch U10"]
[Site "Winterberg"]
[Date "2002.05.22"]
[Round "7"]
[White "Medlin, Felix"]
[Black "Le, Duc Son"]
[Result "1/2-1/2"]
[WhiteElo "1315"]
[BlackElo "1063"]
[PlyCount "107"]
[EventDate "2002.05.19"]
[EventType "swiss"]
[EventRounds "11"]
[EventCountry "GER"]
[SourceTitle "CBM 088 Extra"]
[Source "ChessBase"]
[SourceDate "2002.07.01"]
[SourceVersion "2"]
[SourceVersionDate "2002.07.01"]
[SourceQuality "1"]

1. e4 e5 2. Nf3 Nc6 3. Bb5 a6 4. Ba4 Nf6 5. 0-0 Be7 6. Nc3 b5 7. Bb3 0-0 8. a3 d6 9. d3 Be6 10. Bxe6 fxe6 11. Be3 d5 12. exd5 exd5 13. Ne2 d4 14. Bd2 e4 15. dxe4 Nxe4 16. Qc1 Nxd2 17. Qxd2 Bc5 18. b4 Bb6 19. Rfd1 Qf6 20. Rac1 Rad8 21. Qg5 Qxg5 22. Nxg5 d3 23. Ng3 d2 24. Rb1 Rxf2 25. Kh1 Ne5 26. N5e4 Ng4 27. h3 Rxg2 28. Kxg2 Ne3+ 29. Kh1 Nxd1 30. Rxd1 Be3 31. Nf5 Re8 32. Nxd2 Bxd2 33. Rxd2 Re1+ 34. Kg2 Kf7 35. Rd7+ Kf6 36. Ng3 c6 37. Rd6+ Ke5 38. Rxc6 Re3 39. Rxa6 Kf4 40. Nh5+ Kg5 41. Nxg7 Re2+ 42. Kg3 Rxc2 43. Ne6+ Kf5 44. Nd4+ Kg5 45. Nxc2 h5 46. Ra5 h4+ 47. Kg2 Kf4 48. Rxb5 Ke4 49. a4 Kf4 50. a5 Ke4 51. Rc5 Kf4 52. a6 Ke4 53. a7 Kf4 54. a8Q 1/2-1/2

[Event "GER-ch U10"]
[Site "Winterberg"]
[Date "2002.05.20"]
[Round "5"]
[White "Groeger, Eric"]
[Black "Le, Duc Son"]
[Result "1-0"]
[WhiteElo "1350"]
[BlackElo "1063"]
[PlyCount "71"]
[EventDate "2002.05.19"]
[EventType "swiss"]
[EventRounds "11"]
[EventCountry "GER"]
[SourceTitle "CBM 088 Extra"]
[Source "ChessBase"]
[SourceDate "2002.07.01"]
[SourceVersion "2"]
[SourceVersionDate "2002.07.01"]
[SourceQuality "1"]

1. e4 e5 2. Nf3 Nc6 3. Bb5 a6 4. Ba4 Nf6 5. 0-0 b5 6. Bb3 Be7 7. Re1 0-0 8. c3 d6 9. h3 Bb7 10. d4 exd4 11. cxd4 d5 12. e5 Ne4 13. Nc3 Nxc3 14. bxc3 Na5 15. Bc2 Nc4 16. Qd3 g6 17. Bh6 Re8 18. Nd2 Nxd2 19. Qxd2 c5 20. f4 Bc8 21. Qe3 Qc7 22. Rac1 b4 23. f5 bxc3 24. f6 Bxf6 25. Qxc3 Be7 26. Ba4 Rd8 27. Rf1 Rb8 28. Qf3 Be6 29. dxc5 Bxc5+ 30. Kh1 Qxe5 31. Rxc5 Rbc8 32. Rxc8 Rxc8 33. Bd7 Qd6 34. Bxc8 d4 35. Bxe6 Qxe6 36. Qa8+ 1-0

[Event "GER-ch U10"]
[Site "Winterberg"]
[Date "2002.??.??"]
[Round "1"]
[White "Le, Duc Son"]
[Black "Geske, Julian"]
[Result "0-1"]
[WhiteElo "1063"]
[BlackElo "1456"]
[PlyCount "98"]
[EventDate "2002.05.19"]
[EventType "swiss"]
[EventRounds "11"]
[EventCountry "GER"]
[SourceTitle "CBM 088 Extra"]
[Source "ChessBase"]
[SourceDate "2002.07.01"]
[SourceVersion "2"]
[SourceVersionDate "2002.07.01"]
[SourceQuality "1"]

1. e4 e5 2. Nf3 Nc6 3. d4 exd4 4. Nxd4 Bc5 5. Be3 Qf6 6. c3 Nge7 7. Bc4 Ne5 8. Be2 Qg6 9. 0-0 0-0 10. Nd2 d5 11. Bh5 Qb6 12. f4 N5c6 13. b4 Bxd4 14. Bxd4 Nxd4 15. cxd4 Qxd4+ 16. Kh1 dxe4 17. Re1 f5 18. Qb3+ Qd5 19. Qxd5+ Nxd5 20. g3 Nxb4 21. Rec1 Bd7 22. Rxc7 Bc6 23. Kg1 Nd5 24. Rxc6 bxc6 25. Nc4 g6 26. Be2 Rad8 27. Rd1 Nc3 28. Re1 Nxe2+ 29. Rxe2 Rd1+ 30. Kf2 Rfd8 31. Ne3 R1d2 32. h3 Kg7 33. g4 Kf6 34. Rxd2 Rxd2+ 35. Kg3 Rxa2 36. h4 Ra3 37. Kf2 Rxe3 38. Kxe3 a5 39. Kd4 a4 40. Kc4 a3 41. Kb3 e3 42. Kxa3 e2 43. g5+ Ke6 44. h5 e1Q 45. h6 Qb1 46. Ka4 Qb5+ 47. Ka3 Kd5 48. Ka2 Kc4 49. Ka1 Kc3 0-1